Without borders / (Record no. 96597)

MARC details
000 -LEADER
fixed length control field 00508nam a22001817a 4500
005 - DATE AND TIME OF LATEST TRANSACTION
control field 20151116120419.0
010 ## - LCCN (DPL NO)
LC control number ENG-113962
020 ## - INTERNATIONAL STANDARD BOOK NUMBER
Terms of availability 250.00
International Standard Book Number 9789350450666
035 ## - SYSTEM CONTROL NUMBER
System control number EN-97494
037 ## - SOURCE OF ACQUISITION
Source of stock number/acquisition DBAD/PUB
Stock number dpl
082 ## - DEWEY DECIMAL CLASSIFICATION NUMBER
Classification number 881
100 ## - MAIN ENTRY--PERSONAL NAME
Personal name Panicker, P.K.N.
245 ## - TITLE STATEMENT
Title Without borders /
Statement of responsibility, etc by P.K.N. Panicker
260 ## - PUBLICATION, DISTRIBUTION, ETC. (IMPRINT)
Place of publication, distribution, etc Calcutta
Name of publisher, distributor, etc Writers Workshop
Date of publication, distribution, etc 2013
270 ## - ADDRESS
Address 162/92, Lake Gardens,
City Calcutta
Postal code 700045
300 ## - PHYSICAL DESCRIPTION
Extent 117p.
Dimensions 22cm(Hb)
942 ## - ADDED ENTRY ELEMENTS (KOHA)
Source of classification or shelving scheme Dewey Decimal Classification
Item type English Books
Call number suffix PAN
Classification part 881
Holdings
Withdrawn status Lost status Not for loan Collection code Home library Current library Date acquired Source of acquisition Cost, normal purchase price Full call number Barcode Copy number Cost, replacement price Koha item type
    Not For Loan Non-fiction D.B.Act.Division D.B.Act.Division 02/09/2015 DBAD/PUB 250.00 881 PAN EN-97494 1 250.00 English Books

© Delhi Public Library
Hit Counter
free hit counter